Music Quiz

Random Music or Clickable Quiz

Country Duets: Clickable Quiz Stats

 Plays Quiz not verified by Sporcle

Challenge
Share
Tweet
Score 0/9 Timer 03:00
0 Plays Today
% Correct
Little Big Town
86%
Carrie Underwood
51.2%
Faith Hill
41.9%
Brad Paisley
34.9%
Jennifer Nettles
23.3%
Tim McGraw
0%
Shania Twain
0%
Jake Owen
0%
Sara Evans
0%

You're not logged in!

Compare scores with friends on all Sporcle quizzes.
OR
Log In

You Might Also Like...

Show Comments

Extras

Top Quizzes Today


Score Distribution

Your Account Isn't Verified!

In order to create a playlist on Sporcle, you need to verify the email address you used during registration. Go to your Sporcle Settings to finish the process.

Report this User

Report this user for behavior that violates our Community Guidelines.

Details: